[Event "5th EKA IIFL Investment 2019"]
[Site "Mumbai"]
[Date "2020.01.03"]
[Round "5.51"]
[White "Soham Datar"]
[Black "Saurabh Anand"]
[Result "1/2-1/2"]
[WhiteElo "2145"]
[BlackElo "2269"]
[Annotator "TA"]
[PlyCount "323"]
[EventDate "2019.12.30"]
[EventType "swiss"]
[EventCountry "IND"]
[SourceTitle "playchess.com"]
[Source "ChessBase"]
[SourceQuality "1"]

{[%evp 29,323,0,0,0,0,0,25,0,0,0,0,0,0,0,0,0,0,0,0,0,8,0,0,0,9,0,0,0,8,13,16,0,0,0,8,-6,0,-24,-14,-2304,-641,-622,-22,-27,12,-6,10,-18,12,-7,0,-18,18,-13,0,-20,10,0,0,-18,-22,-22,-22,-22,-22,-19,0,-20,0,-21,0,-21,0,-29,0,-20,0,-26,0,-18,0,-25,0,-22,0,-29,-24,-60,0,-15,0,-20,-19,-25,0,-27,0,-22,0,-20,0,-27,-6,-37,-18,-29,-8,-8,0,-18,0,-8,0,-15,0,-8,0,-16,0,-8,0,-24,0,-13,0,-19,0,-9,0,-26,-26,-25,0,-10,0,-12,-12,-20,-14,-11,0,-6,-8,-20,0,-15,0,-8,0,-18,0,-16,0,-15,0,-8,0,0,0,-16,0,-16,0,-24,0,-23,0,-24,0,-17,0,-19,0,-9,0,-19,0,-18,0,-25,0,-25,0,-25,0,-19,0,-20,0,-21,0,-18,0,-22,0,-26,0,-26,0,-18,0,-17,0,-5,0,-20,0,-17,0,-15,-10,-33,0,-18,0,-40,0,-16,0,-41,0,-10,0,-28,0,0,0,0,0,0,0,0,0,0,0,0,0,0,0,-7,201,0,0,-10,184,0,0,-9,0,0,0,-10,0,0,0,0,0,-115,0,0,0,0,0,0,0,0,0,0,0,0,0,0,17,0,0,0,0,0,0,0,14,0,0,0,0,0,0,0,0,0,0,0,29,0,0,0]} 1. c4 e6 2. Nc3 d5 3. cxd5 exd5 4. d4 Be7 5. Bf4 c6 6. e3 Bf5 7. Bd3 Bxd3 8. Qxd3 Nf6 9. Qd1 Ng8 10. Qd3 Nf6 11. Qd1 Ng8 12. Qd3 Nf6 13. h3 O-O 14. Nf3 Bd6 15. Bxd6 Qxd6 16. O-O {D35: Queen's Gambit Declined: Exchange Variation} Nbd7 17. Rab1 Nb8 18. Ra1 {White has an edge.} Nbd7 19. Rab1 a5 20. a3 Rfe8 21. Qc2 Rf8 22. Qd3 Rfe8 23. Qc2 {[#]} g6 $146 ({Predecessor:} 23... Ne4 24. Nxe4 dxe4 25. Nd2 Qd5 26. Rfc1 {½-½ (18) Bagirov,V (2495)-Vaganian,R (2550) Yaroslavl 1982}) 24. Rfc1 Nh5 25. Rf1 Nhf6 26. Rfc1 Nh5 27. Rf1 Nhf6 28. Rfc1 Nh5 29. Na4 Nhf6 30. Nc3 Nh5 31. Na4 f5 32. Nc5 Nxc5 33. Qxc5 Qxc5 34. Rc2 $2 {[%mdl 8192]} (34. Rxc5 $11 f4 35. exf4) 34... Qc4 35. Rxc4 f4 $2 ({Better is} 35... dxc4 $19 36. Rc1 b5) 36. Rc3 $11 Rf8 37. Kf1 Rfe8 38. Kg1 Rf8 39. Kf1 Rfe8 40. Kg1 Rf8 41. Kf1 Rfe8 42. Kg1 Rf8 43. Kf1 Rfe8 44. Kg1 fxe3 45. Rxe3 Rxe3 46. fxe3 {[%mdl 4096] Endgame KRN-KRN} Ng3 47. Kf2 Nh5 48. Kg1 Ng3 49. Kf2 Nh5 50. Kg1 Ng3 51. Kf2 Nh5 52. Kg1 Ng3 53. Kf2 Nh5 54. Kg1 Ng3 55. Kf2 Nh5 56. Kg1 Ng3 57. Kf2 Ne4+ 58. Kg1 Ng3 59. Kf2 Ne4+ 60. Ke2 Rf8 61. Kd3 Ra8 62. Ke2 Rf8 63. Kd3 Ra8 64. Ke2 Rf8 65. Kd3 h5 66. h4 Nd6 67. b3 Nf5 68. Re1 Nd6 69. Rb1 Nf5 70. Re1 Nd6 71. Rb1 Nf5 72. Re1 Nd6 73. Rb1 $1 Nf5 74. Re1 Nd6 75. Rb1 Nf5 76. Re1 Nd6 77. Rb1 Nf5 78. Re1 Nd6 79. a4 Kg7 80. Rg1 Kg8 81. Re1 Kg7 82. Rg1 Ne4 83. Rb1 Kg8 84. Re1 Nd6 85. Rg1 Kg7 86. Rd1 Ne4 87. Rb1 Kg8 88. Re1 Nd6 89. Rg1 Kg7 90. Rd1 Ne4 91. Rb1 Kg8 92. Re1 Nd6 93. Rg1 Kg7 94. Rd1 Ne4 {[#] Threatens to win with ...Nf2+.} 95. Rb1 Kg8 96. Re1 Nd6 97. Rg1 Kg7 98. Rd1 Ne4 99. Rb1 Kg8 100. Re1 Nd6 101. Rg1 Kg7 102. Rd1 Ne4 {[#] And now ...Rxf3! would win.} 103. Rb1 Kg8 104. Re1 Nd6 105. Rg1 Kg7 106. Rd1 Ne4 107. Rb1 Kg8 108. Re1 Nd6 109. Rg1 Kg7 110. Rd1 Ne4 {Strongly threatening ...Nf2+.} 111. Rb1 Kg8 112. Re1 Nd6 113. Rg1 Kg7 114. Rd1 Ne4 {...Nf2+ is the strong threat.} 115. Rb1 Kg8 116. Re1 Nd6 117. Rg1 Kg7 118. Rd1 Ne4 {White must now prevent ...Nf2+.} 119. Rb1 Kf6 120. Re1 Kg7 121. Rb1 Kf6 122. Re1 Kg7 123. Rb1 Kf6 124. Re1 Kg7 125. Rb1 Kf6 126. Re1 Kg7 127. Rb1 Kf6 128. Re1 Kg7 129. Rb1 Kf6 130. Re1 Kg7 131. Rb1 Kf6 132. Re1 Kg7 133. Rb1 Kf6 134. Nd2 Kg7 $2 (134... Nxd2 $11 135. Kxd2 Rf7) 135. Nf3 $2 ({White has to play} 135. Nxe4 $18 dxe4+ 136. Kxe4) 135... Kf6 136. Nd2 Kg7 $2 (136... Nxd2 $11 {and Black has nothing to worry.} 137. Kxd2 Rf7) 137. Nf3 $2 (137. Nxe4 $18 dxe4+ 138. Kxe4) 137... Kf6 138. Nd2 Ng3 139. Nf3 Ne4 140. Nd2 Ng3 141. b4 axb4 142. Rxb4 Ra8 143. Rb1 (143. e4 $11) 143... Rf8 ({Black should play} 143... Rxa4 $17 {Hoping for ...Ra3+.} 144. Rxb7 Nf5) 144. Rb4 Ra8 145. e4 dxe4+ 146. Nxe4+ Nxe4 147. Kxe4 {KR-KR} Re8+ 148. Kf4 Rd8 149. Ke4 Rd7 150. Kd3 Rd8 151. Ke4 Re8+ 152. Kf4 Rd8 153. Ke4 Rd7 154. Kd3 Rd8 155. Ke4 Re8+ 156. Kf4 Rd8 157. Ke4 Rd7 158. a5 g5 159. hxg5+ Kxg5 160. Rb6 Kf6 161. Rb4 (161. a6 $5 {[%cal Ra6b7]} Re7+ 162. Kf3 bxa6 163. Rxc6+ Re6 164. Rc8 $14) 161... Kg5 162. Rb6 {Accuracy: White = 73%, Black = 20%.} 1/2-1/2

[Event "5th EKA IIFL Investment 2019"]
[Site "Mumbai"]
[Date "2020.01.03"]
[Round "5.52"]
[White "Pranav Vijay"]
[Black "Priyanka, Kumari"]
[Result "0-1"]
[WhiteElo "2265"]
[BlackElo "1874"]
[Annotator "ChessBase"]
[PlyCount "264"]
[EventDate "2019.12.30"]
[EventType "swiss"]
[EventCountry "IND"]
[SourceTitle "playchess.com"]
[Source "ChessBase"]
[SourceQuality "1"]
[TimeControl "40/5400+30:1800+30"]

1. e4 c5 {[%emt 0:00:00]} 2. Nf3 {[%emt 0:00:00]} d6 {[%emt 0:00:03]} 3. Bb5+ {[%emt 0:00:00]} Nd7 {[%emt 0:00:13]} 4. d4 {[%emt 0:00:00]} Ngf6 {[%emt 0:01:03]} 5. Nc3 {[%emt 0:00:14]} a6 {[%emt 0:00:19]} 6. Bxd7+ {[%emt 0:01:15]} Nxd7 {[%emt 0:00:17]} 7. dxc5 {[%emt 0:03:41]} Nxc5 {[%emt 0:00:45]} 8. Be3 {[%emt 0:00:00]} Nd7 {[%emt 0:00:19]} 9. Bc1 {[%emt 0:01:00]} Nc5 {[%emt 0:00:41]} 10. Be3 {[%emt 0:00:00]} Nd7 {[%emt 0:00:19]} 11. Bc1 {[%emt 0:01:00]} Nc5 {[%emt 0:00:41]} 12. Be3 {[%emt 0:00:00]} Nd7 {[%emt 0:00:19]} 13. Bc1 {[%emt 0:01:00]} Nc5 {[%emt 0:00:41]} 14. Be3 {[%emt 0:00:00]} Nd7 {[%emt 0:00:19]} 15. Bc1 Nc5 {[%emt 0:00:41]} 16. Be3 {[%emt 0:01:30]} e6 {[%emt 0:00:50]} 17. Qd4 {[%emt 0:00:00]} Nd7 {[%emt 0:00:00]} 18. Qd1 {[%emt 0:01:00]} Nc5 {[%emt 0:01:00]} 19. Qd4 {[%emt 0:00:00]} Nd7 {[%emt 0:00:00]} 20. Qd1 {[%emt 0:01:00]} Nc5 {[%emt 0:01:00]} 21. Qd4 {[%emt 0:00:00]} Nd7 {[%emt 0:00:00]} 22. Qd1 {[%emt 0:01:00]} Nc5 {[%emt 0:24:09]} 23. Qd4 {[%emt 0:04:43]} b5 {[%emt 0:00:00]} 24. Bg5 {[%emt 0:07:37]} Qc7 {[%emt 0:06:21]} 25. O-O {[%emt 0:00:30]} Bb7 26. Rad1 {[%emt 0:08:34]} f6 {[%emt 0:09:53]} 27. Bc1 {[%emt 0:00:28]} Be7 {[%emt 0:00:00]} 28. Bg5 {[%emt 0:00:32]} Bf8 {[%emt 0:01:00]} 29. Bc1 {[%emt 0:00:28]} Be7 {[%emt 0:00:39]} 30. a3 {[%emt 0:05:25]} O-O {[%emt 0:03:56]} 31. Qe3 {[%emt 0:00:12]} Rad8 {[%emt 0:04:40]} 32. Nd4 {[%emt 0:00:30]} Ra8 {[%emt 0:00:00]} 33. Nf3 {[%emt 0:00:30]} Rad8 {[%emt 0:01:00]} 34. Nd4 {[%emt 0:00:30]} Ra8 {[%emt 0:00:00]} 35. Nf3 {[%emt 0:00:30]} Rad8 {[%emt 0:01:00]} 36. Nd4 {[%emt 0:00:30]} Ra8 {[%emt 0:00:00]} 37. Nf3 {[%emt 0:00:30]} Rad8 {[%emt 0:01:00]} 38. Nd4 {[%emt 0:00:30]} Ra8 {[%emt 0:00:00]} 39. Nf3 {[%emt 0:00:30]} Rad8 {[%emt 0:01:00]} 40. Nd4 {[%emt 0:00:30]} Ra8 {[%emt 0:00:00]} 41. Nf3 {[%emt 0:30:30]} Rad8 {[%emt 0:31:00]} 42. Nd4 {[%emt 0:00:30]} Bc8 {[%emt 0:12:03]} 43. f4 {[%emt 0:01:36]} Na4 {[%emt 0:05:43]} 44. Rd3 {[%emt 0:06:47]} Nc5 {[%emt 0:00:00]} 45. Rdd1 {[%emt 0:00:00]} Na4 {[%emt 0:01:00]} 46. Rd3 {[%emt 0:01:00]} Nc5 {[%emt 0:00:00]} 47. Rdd1 {[%emt 0:00:00]} Na4 {[%emt 0:01:00]} 48. Rd3 {[%emt 0:00:00]} Nb6 {[%emt 0:08:10]} 49. Rdd1 {[%emt 0:00:00]} Na4 {[%emt 0:00:00]} 50. Rd3 {[%emt 0:00:00]} Nb6 {[%emt 0:01:00]} 51. Rdd1 {[%emt 0:00:00]} Na4 {[%emt 0:00:00]} 52. Rd3 {[%emt 0:05:13]} Nb6 {[%emt 0:01:00]} 53. Kh1 {[%emt 0:01:34]} Na4 {[%emt 0:00:00]} 54. Kg1 {[%emt 0:00:00]} Nb6 {[%emt 0:01:00]} 55. Kh1 {[%emt 0:01:00]} e5 {[%emt 0:03:39]} 56. Nde2 {[%emt 0:01:16]} f5 {[%emt 0:03:09]} 57. Ng3 {[%emt 0:06:31]} fxe4 {[%emt 0:02:09]} 58. Qxe4 Bb7 {[%emt 0:02:16]} 59. Qe2 {[%emt 0:00:55]} Rde8 {[%emt 0:01:45]} 60. fxe5 {[%emt 0:00:57]} Rxf1+ {[%emt 0:00:48]} 61. Qxf1 {[%emt 0:02:26]} dxe5 {[%emt 0:00:09]} 62. Qe2 {[%emt 0:01:10]} Rf8 {[%emt 0:04:15]} 63. Rd1 {[%emt 0:02:34]} Qc6 {[%emt 0:01:07]} 64. Rd3 {[%emt 0:00:00]} Qc7 {[%emt 0:00:00]} 65. Rd1 {[%emt 0:01:00]} Qc6 {[%emt 0:01:00]} 66. Nge4 {[%emt 0:04:47]} a5 {[%emt 0:02:34]} 67. Ng3 {[%emt 0:07:12]} b4 {[%emt 0:00:56]} 68. axb4 {[%emt 0:00:09]} axb4 {[%emt 0:00:07]} 69. Nce4 {[%emt 0:00:03]} Nd5 {[%emt 0:00:25]} 70. Re1 {[%emt 0:04:52]} Bd8 {[%emt 0:01:57]} 71. Rd1 {[%emt 0:00:00]} Be7 {[%emt 0:00:00]} 72. Re1 {[%emt 0:01:00]} Bd8 {[%emt 0:01:00]} 73. Rd1 {[%emt 0:00:00]} Be7 {[%emt 0:00:00]} 74. Re1 {[%emt 0:01:00]} Bd8 {[%emt 0:01:00]} 75. Qh5 {[%emt 0:06:48]} Nf6 {[%emt 0:01:33]} 76. Qd1 {[%emt 0:00:30]} Bb6 {[%emt 0:01:02]} 77. h3 {[%emt 0:03:24]} Nxe4 {[%emt 0:00:33]} 78. Nxe4 {[%emt 0:00:42]} Rf2 {[%emt 0:00:43]} 79. Ng3 Rf8 80. Ne4 {[%emt 0:01:00]} Rf2 {[%emt 0:01:00]} 81. Ng3 Rf8 82. Ne4 {[%emt 0:01:00]} Rf2 {[%emt 0:01:00]} 83. Qg4 {[%emt 0:04:01]} Rxc2 {[%emt 0:00:30]} 84. Bd2 {[%emt 0:03:03]} Rc4 {[%emt 0:00:37]} 85. Bg5 {[%emt 0:00:06]} Rc2 {[%emt 0:00:23]} 86. Bd2 {[%emt 0:00:54]} Rc4 {[%emt 0:00:37]} 87. Bg5 {[%emt 0:00:06]} Bc8 {[%emt 0:00:34]} 88. Qf3 {[%emt 0:00:00]} h6 {[%emt 0:00:00]} 89. Be7 {[%emt 0:00:00]} Bb7 {[%emt 0:00:00]} 90. Qf8+ {[%emt 0:00:00]} Kh7 {[%emt 0:00:00]} 91. Qf5+ {[%emt 0:00:00]} Kg8 {[%emt 0:00:00]} 92. Qf8+ {[%emt 0:00:00]} Kh7 {[%emt 0:00:00]} 93. Qf5+ {[%emt 0:00:00]} Qg6 {[%emt 0:00:00]} 94. Qxg6+ {[%emt 0:00:00]} Kxg6 {[%emt 0:00:00]} 95. Bg5 {[%emt 0:00:00]} Kh7 {[%emt 0:00:00]} 96. Be7 {[%emt 0:00:00]} Kg6 {[%emt 0:00:00]} 97. Nd6 {[%emt 0:00:00]} Rc7 {[%emt 0:00:00]} 98. Ne4 {[%emt 0:00:00]} Rc4 {[%emt 0:00:00]} 99. Nd6 {[%emt 0:00:00]} Rc7 {[%emt 0:00:00]} 100. Ne4 {[%emt 0:00:00]} Rc4 {[%emt 0:00:00]} 101. Nd6 {[%emt 0:00:00]} Rc7 {[%emt 0:00:00]} 102. Ne4 {[%emt 0:00:00]} Rc4 {[%emt 0:00:00]} 103. Nd6 {[%emt 0:00:00]} Rc7 {[%emt 0:00:00]} 104. Ne4 {[%emt 0:00:00]} Rc4 {[%emt 0:00:00]} 105. Nd6 {[%emt 0:00:00]} Rc7 {[%emt 0:00:00]} 106. Ne4 {[%emt 0:00:00]} Rc4 {[%emt 0:00:00]} 107. Nd6 {[%emt 0:00:00]} Rc7 {[%emt 0:00:00]} 108. Ne4 {[%emt 0:00:00]} Rc4 {[%emt 0:00:00]} 109. Nd6 {[%emt 0:00:00]} Rc7 {[%emt 0:00:00]} 110. Bd8 {[%emt 0:02:16]} Rd7 {[%emt 0:01:00]} 111. Bxb6 {[%emt 0:00:15]} Rxd6 {[%emt 0:00:08]} 112. Bc7 {[%emt 0:00:04]} Rd2 {[%emt 0:00:54]} 113. Rxe5 {[%emt 0:02:33]} Rxb2 {[%emt 0:02:45]} 114. Rb5 {[%emt 0:00:12]} Bxg2+ {[%emt 0:00:26]} 115. Kg1 {[%emt 0:00:04]} Bxh3 {[%emt 0:00:34]} 116. Bd6 {[%emt 0:00:04]} Bg2 {[%emt 0:00:26]} 117. Bc7 Bh3 {[%emt 0:00:34]} 118. Bd6 {[%emt 0:01:00]} b3 {[%emt 0:00:45]} 119. Be5 {[%emt 0:00:23]} Rg2+ {[%emt 0:00:59]} 120. Kh1 {[%emt 0:00:02]} Re2 {[%emt 0:00:48]} 121. Rb6+ {[%emt 0:00:04]} Kh7 {[%emt 0:00:24]} 122. Rb5 {[%emt 0:00:56]} Kg6 {[%emt 0:00:36]} 123. Rb6+ {[%emt 0:00:04]} Kh7 {[%emt 0:00:24]} 124. Bd4 {[%emt 0:00:36]} Be6 {[%emt 0:00:31]} 125. Kg1 {[%emt 0:00:01]} g5 {[%emt 0:00:24]} 126. Kf1 {[%emt 0:00:05]} Re4 {[%emt 0:00:22]} 127. Bb2 {[%emt 0:00:08]} Bc4+ {[%emt 0:00:17]} 128. Kg1 {[%emt 0:00:06]} Re1+ {[%emt 0:00:06]} 129. Kf2 {[%emt 0:00:02]} Re2+ {[%emt 0:00:13]} 130. Kg3 {[%emt 0:00:15]} Rxb2 {[%emt 0:00:14]} 131. Kg4 {[%emt 0:00:01]} Rg2+ {[%emt 0:00:33] Kg3 Rb2 Kg4 Rg2+} 132. Kh5 {[%emt 0:00:03]} Be2# 0-1

[Event "5th EKA IIFL Investment 2019"]
[Site "Mumbai"]
[Date "2020.01.03"]
[Round "5.53"]
[White "Jeet, Jain"]
[Black "Madjidov, Jasur"]
[Result "1-0"]
[WhiteElo "2258"]
[BlackElo "2136"]
[Annotator "TA"]
[PlyCount "81"]
[EventDate "2019.12.30"]
[EventType "swiss"]
[EventCountry "IND"]
[SourceTitle "playchess.com"]
[Source "ChessBase"]
[SourceQuality "1"]

{[%evp 25,81,18,37,18,24,21,23,15,16,17,29,0,15,14,27,-4,74,79,91,93,205,127,216,217,211,168,283,277,247,169,187,183,772,760,764,741,720,696,1114,1020,1051,643,626,620,29991,29992,29992,29975,5377,937,915,899,813,806,5585,5339,5322,5181]} 1. e4 c5 2. Nf3 Nc6 3. Nc3 g6 4. d4 cxd4 5. Nxd4 Bg7 6. Nb3 Nf6 7. Be2 O-O 8. O-O d6 9. Bg5 Be6 10. Kh1 Rc8 11. f4 Na5 12. f5 Bc4 13. Bd3 b5 14. Qe2 {B70: Sicilian Dragon: 6 g3 and 6 Be2 (without a later Be3)} (14. Qf3 b4 15. Nd5 Bxd5 16. exd5 Nc4 17. Bxc4 Rxc4 18. Qd3 Qc7 19. Na5 Rxc2 20. Nc6 Rc5 21. Bxf6 Bxf6 {½-½ (35) Khalifman,A (2667)-Leko,P (2743) New Delhi/Teheran 2000}) 14... b4 15. Nd1 Bxd3 16. cxd3 {White has an edge.} Nc6 17. Ne3 a5 {[%cal Ba7a5,Ba5a4][%mdl 32]} 18. Qf2 $146 ({Predecessor:} 18. a4 Ne5 19. Bh4 h6 20. Bxf6 Bxf6 21. fxg6 fxg6 {1-0 (40) Zhelnin,V (2447)-Utnasunov,A (2443) Tula 2009}) 18... a4 19. Nd2 Ne5 20. d4 {Bxf6 is the strong threat.} Ned7 (20... Nc6 $11 {keeps the balance.}) 21. Qh4 $16 Qb6 22. Nf3 {And now e5 would win.} Qc7 (22... Qb5 $16 {was called for.}) 23. Rae1 e5 (23... Rfe8 $16 {was necessary.}) 24. dxe5 $1 $18 dxe5 {[#]} 25. Bh6 $1 Qc6 {[#]} (25... Rfe8 $142 26. Ng5 Bxh6 27. Qxh6 Qd6) 26. Ng5 $1 Rfe8 27. Rf3 Bh8 28. Ref1 Nc5 $2 (28... Qb5 29. fxg6 fxg6) 29. fxg6 fxg6 {[#]} 30. Bg7 $1 {[%mdl 512]} Nh5 (30... Kxg7 31. Rxf6) 31. Bxh8 {Hoping for Nf7.} Kxh8 32. g4 Nxe4 33. gxh5 {Black must now prevent Nf7+.} Nxg5 34. Qxg5 Rf8 35. Qxe5+ Kg8 36. Nd5 {[%cal Rd5e7]} Rxf3 37. Ne7+ (37. Rxf3 $142 Re8 38. Nf6+ Kf7 39. Qxe8+ Qxe8 40. Nxe8+ Kxe8 41. hxg6 hxg6 42. Rf4) 37... Kf7 38. Nxc6 Rxf1+ 39. Kg2 Rf5 40. Qe7+ Kg8 41. Qe6+ {Accuracy: White = 61%, Black = 44%.} 1-0

[Event "5th EKA IIFL Investment 2019"]
[Site "Mumbai"]
[Date "2020.01.03"]
[Round "5.54"]
[White "Souhardo Basak"]
[Black "Kamdar Udit"]
[Result "1/2-1/2"]
[WhiteElo "2254"]
[BlackElo "2107"]
[Annotator "NA"]
[PlyCount "79"]
[EventDate "2019.12.30"]
[EventType "swiss"]
[EventCountry "IND"]
[SourceTitle "playchess.com"]
[Source "ChessBase"]
[SourceQuality "1"]
[TimeControl "40/5400+30:1800+30"]

1. e4 e6 2. d4 d5 3. Nd2 Nf6 4. e5 Nfd7 5. c3 c5 6. Bd3 Nc6 7. Ngf3 Qb6 8. O-O cxd4 9. cxd4 Nxd4 10. Nxd4 Qxd4 11. Nf3 Qb6 12. Qa4 a6 13. Be3 Qxb2 14. a3 Qc3 15. Be2 Qc6 16. Qf4 Nc5 17. Rfc1 Qa4 18. Rxc5 Qxf4 19. Rxc8+ Rxc8 20. Bxf4 Rc3 21. a4 Ra3 22. Rxa3 Bxa3 23. Bd3 Kd7 24. Kf1 h6 25. Ke2 Bb2 26. Kd1 Rc8 27. Bd2 Rc5 28. Bb4 Rc8 29. Bc2 Rc4 30. Bf8 Rg4 31. g3 Ke8 32. h3 Rc4 33. Bxg7 h5 34. Nd2 Rc8 35. g4 hxg4 36. h4 f5 37. exf6 Kf7 38. h5 Bxf6 39. Bh6 Ke7 40. Bg6 1/2-1/2

[Event "5th EKA IIFL Investment 2019"]
[Site "Mumbai"]
[Date "2020.01.03"]
[Round "5.55"]
[White "Raahul V S"]
[Black "Kumar, Gaurav"]
[Result "1/2-1/2"]
[WhiteElo "2252"]
[BlackElo "2075"]
[Annotator "ChessBase"]
[PlyCount "122"]
[EventDate "2019.12.30"]
[EventType "swiss"]
[EventCountry "IND"]
[SourceTitle "playchess.com"]
[Source "ChessBase"]
[SourceQuality "1"]
[TimeControl "40/5400+30:1800+30"]

1. Nf3 d5 2. g3 Bg4 3. Bg2 Nd7 4. c4 c6 5. cxd5 cxd5 6. Qa4 Ngf6 7. Nc3 Bxf3 8. Bxf3 e6 9. d4 a6 10. Bf4 b5 11. Qb3 Nb6 12. O-O Bd6 13. a4 Bxf4 14. gxf4 Nxa4 15. Nxa4 bxa4 16. Qxa4+ Qd7 17. Rfc1 Qxa4 18. Rxa4 Kd7 19. e3 Rhb8 20. b4 Rb6 21. Rc5 Rab8 22. f5 Ne8 23. Bh5 g6 24. fxe6+ fxe6 25. Be2 Nc7 26. Ra2 Rxb4 27. Bxa6 Ra8 28. Bb5+ Rxb5 29. Rxc7+ Kxc7 30. Ra5 Ra7 31. Rxa7+ Rb7 32. Ra8 Kd6 33. Kg2 Re7 34. Re8 Rf7 35. Kg3 Kd7 36. Ra8 Ke7 37. h4 Kf6 38. f3 h5 39. Ra6 Kf5 40. Rd6 Rf8 41. Rd7 Kf6 42. Kf4 e5+ 43. Kg3 exd4 44. exd4 Ke6 45. Ra7 Rf5 46. Ra6+ Kf7 47. Rd6 Kg7 48. f4 Kf7 49. Kf3 Kg7 50. Re6 Kf7 51. Re5 Kf6 52. Ke3 Rxe5+ 53. dxe5+ Kf5 54. Kd4 Ke6 55. Kc5 g5 56. hxg5 h4 57. g6 h3 58. f5+ Kxf5 59. g7 h2 60. g8=Q h1=Q 61. Kd6 Qh6+ 1/2-1/2

[Event "5th EKA IIFL Investment 2019"]
[Site "Mumbai"]
[Date "2020.01.03"]
[Round "5.56"]
[White "Varun, Vij"]
[Black "Shiva Pavan Teja Sharma U"]
[Result "1-0"]
[WhiteElo "1964"]
[BlackElo "2072"]
[Annotator "NA RC"]
[PlyCount "57"]
[EventDate "2019.12.30"]
[EventType "swiss"]
[EventCountry "IND"]
[SourceTitle "playchess.com"]
[Source "ChessBase"]
[SourceQuality "1"]
[TimeControl "40/5400+30:1800+30"]

1. e4 {[%emt 0:00:00]} c6 {[%emt 0:00:00]} 2. d4 {[%emt 0:00:00]} d5 {[%emt 0:00:16]} 3. exd5 {[%emt 0:00:00]} cxd5 {[%emt 0:00:13]} 4. Bd3 {[%emt 0:00:04]} Nc6 {[%emt 0:00:36]} 5. c3 {[%emt 0:00:07]} Nf6 {[%emt 0:00:35]} 6. Bf4 {[%emt 0:01:11]} Bg4 {[%emt 0:00:37]} 7. Qb3 {[%emt 0:01:10]} Qc8 {[%emt 0:00:45]} 8. Nd2 {[%emt 0:02:25]} e6 {[%emt 0:01:10]} 9. Ngf3 {[%emt 0:00:31]} Be7 {[%emt 0:00:25]} 10. O-O {[%emt 0:00:14]} O-O {[%emt 0:00:18]} 11. Rae1 {[%emt 0:02:48]} Bh5 {[%emt 0:01:11]} 12. Qc2 {[%emt 0:04:02]} Bg6 {[%emt 0:00:50]} 13. Bxg6 {[%emt 0:00:50]} hxg6 {[%emt 0:00:08]} 14. Qd3 {[%emt 0:00:18]} a6 {[%emt 0:02:45]} 15. Ng5 {[%emt 0:02:52]} Nh7 {[%emt 0:13:01]} 16. Nxh7 {[%emt 0:01:27]} Kxh7 {[%emt 0:00:06]} 17. h4 {[%emt 0:02:41]} Kg8 {[%emt 0:01:43]} 18. g3 {[%emt 0:10:23]} b5 {[%emt 0:03:07]} 19. Kg2 {[%emt 0:13:35]} Rd8 {[%emt 0:05:52]} 20. Rh1 {[%emt 0:02:36]} Bf6 {[%emt 0:06:05]} 21. Nf3 {[%emt 0:02:24]} Ne7 {[%emt 0:07:26]} 22. Bg5 {[%emt 0:04:00]} Qc4 {[%emt 0:03:35]} 23. Qd2 {[%emt 0:02:48]} Bxg5 {[%emt 0:07:02]} 24. hxg5 {[%emt 0:08:44]} Qc7 {[%emt 0:07:15]} 25. Rh3 {[%emt 0:07:38]} Nc6 {[%emt 0:01:48]} 26. Ne5 {[%emt 0:02:45]} Nxe5 {[%emt 0:02:21]} 27. Rxe5 {[%emt 0:00:11]} Rac8 {[%emt 0:00:59]} 28. Qf4 {[%emt 0:00:28]} f6 {[%emt 0:20:42]} 29. Rxe6 {[%emt 0:01:57]} 1-0

[Event "5th EKA IIFL Investment 2019"]
[Site "Mumbai"]
[Date "2020.01.03"]
[Round "5.57"]
[White "Aakash Sharadchandra, Dalvi"]
[Black "Panesar Vedant"]
[Result "1/2-1/2"]
[WhiteElo "2107"]
[BlackElo "2247"]
[Annotator "ChessBase"]
[PlyCount "82"]
[EventDate "2019.12.30"]
[EventType "swiss"]
[EventCountry "IND"]
[SourceTitle "playchess.com"]
[Source "ChessBase"]
[SourceQuality "1"]
[TimeControl "40/5400+30:1800+30"]

1. d4 {[%emt 0:00:00]} d5 {[%emt 0:00:00]} 2. Nf3 {[%emt 0:00:04]} Nf6 {[%emt 0:00:00]} 3. c4 {[%emt 0:00:05]} e6 {[%emt 0:00:05]} 4. Nc3 {[%emt 0:00:04]} Be7 {[%emt 0:00:23]} 5. Bg5 {[%emt 0:00:09]} O-O {[%emt 0:00:09]} 6. e3 {[%emt 0:00:04]} b6 {[%emt 0:00:09]} 7. cxd5 {[%emt 0:00:47]} exd5 {[%emt 0:00:22]} 8. Bd3 {[%emt 0:00:08]} Bb7 {[%emt 0:00:26]} 9. O-O {[%emt 0:00:19]} Nbd7 {[%emt 0:01:17]} 10. Rc1 {[%emt 0:01:42]} a6 {[%emt 0:14:15]} 11. Bf5 {[%emt 0:13:35]} Re8 {[%emt 0:12:06]} 12. Qc2 {[%emt 0:05:13]} g6 {[%emt 0:15:14]} 13. Bh3 {[%emt 0:02:48]} Nh5 {[%emt 0:09:56]} 14. Bxe7 {[%emt 0:01:49]} Rxe7 {[%emt 0:00:51]} 15. Bxd7 {[%emt 0:14:50]} Qxd7 {[%emt 0:01:44]} 16. b4 {[%emt 0:00:21]} Nf6 {[%emt 0:08:22]} 17. a4 {[%emt 0:03:08]} Qd6 {[%emt 0:02:33]} 18. Qb3 {[%emt 0:03:53]} Nd7 {[%emt 0:01:53]} 19. Rc2 {[%emt 0:11:09]} Kg7 {[%emt 0:01:48]} 20. Rfc1 {[%emt 0:02:08]} c6 {[%emt 0:03:58]} 21. a5 {[%emt 0:02:11]} b5 {[%emt 0:00:12]} 22. Ne2 {[%emt 0:01:19]} Rae8 {[%emt 0:01:39]} 23. Nf4 {[%emt 0:01:51]} f6 {[%emt 0:02:05]} 24. Nd3 {[%emt 0:02:40]} Nb8 {[%emt 0:00:27]} 25. Qc3 {[%emt 0:10:19]} Bc8 {[%emt 0:02:20]} 26. Qc5 {[%emt 0:00:15]} Qxc5 {[%emt 0:00:13]} 27. Nxc5 {[%emt 0:00:27]} g5 {[%emt 0:01:30]} 28. Rc3 {[%emt 0:07:14]} Kg6 {[%emt 0:01:16]} 29. Re1 {[%emt 0:00:24]} Bg4 {[%emt 0:03:41]} 30. Nd2 {[%emt 0:00:44]} h5 {[%emt 0:00:30]} 31. f3 {[%emt 0:00:45]} Bc8 {[%emt 0:00:14]} 32. Kf2 {[%emt 0:00:26]} h4 {[%emt 0:01:12]} 33. e4 {[%emt 0:03:26]} dxe4 {[%emt 0:04:56]} 34. Rxe4 {[%emt 0:01:52]} Rxe4 {[%emt 0:01:29]} 35. Ndxe4 {[%emt 0:04:18]} Rd8 {[%emt 0:00:29]} 36. Rd3 {[%emt 0:00:39]} Bf5 {[%emt 0:01:22]} 37. Rd2 {[%emt 0:00:20]} Kf7 {[%emt 0:03:50]} 38. Nc3 {[%emt 0:05:30]} Be6 {[%emt 0:00:07]} 39. N3e4 {[%emt 0:00:01]} Bf5 {[%emt 0:00:00]} 40. Nc3 {[%emt 0:00:00]} Be6 {[%emt 0:00:00]} 41. N3e4 {[%emt 0:00:04]} Bf5 {[%emt 0:00:01]} 1/2-1/2